Top 30 Most Populated Countries In The World - Statistics

General Stats
  • This quiz has been taken 184 times
    132 since last reset
  • The average score is 21 of 30
Answer Stats
Rank Answer % Correct
1 China
94%
3 United States
93%
2 India
91%
9 Russia
90%
6 Brazil
87%
22 France
86%
4 Indonesia
84%
21 United Kingdom
84%
19 Germany
80%
10 Mexico
80%
5 Pakistan
78%
11 Japan
77%
8 Bangladesh
75%
7 Nigeria
74%
14 Egypt
71%
17 Turkey
71%
23 Italy
68%
20 Thailand
67%
15 Vietnam
67%
18 Iran
65%
30 Spain
65%
13 Phillippines
64%
25 South Africa
62%
12 Ethiopia
61%
28 South Korea
59%
29 Colombia
51%
27 Kenya
46%
24 Tanzania
45%
26 Myanmar
42%
16 Democratic Republic Of Congo
17%
No matching quizzes found
Score Distribution
Percent of People with Each Score
Percentile by Number Answered
Your Score History
You have not taken this quiz since the last reset